000 00630nam a2200181 i 4500
001 69324
003 ES-MaACL
005 20230906170508.0
007 t|
008 040705s1932 sp ||||1| spa d
100 1 _aGarcía y Barbarín, Eugenio.
_955425
245 1 0 _aHistoria de la pedagogía con un resumen de la española /
_cpor Eugenio García y Barbarín ; refundida y notablemente aumentada por Gerardo Rodríguez García.
250 _a5ª ed.
260 _aMadrid :
_b[s.n.,
_c1932] (
_fHernando)
300 _a471 p. ;
_c22 cm.
700 1 _aRodríguez García, Gerardo.
_998539
852 _aES-MaACL
_jA-4822
_bR.16773
999 _c69324
_d69324